000
00288nam a2200121Ia 4500
005
20251222154434.0
008
251222s9999||||xx |||||||||||||| ||spa||
020
_a
9972-895-31-9
082
_a
869.57/R71
100
_a
"Robles, Marcela"
245
0
_a
SonrĂe mientras mueres
942
_c
LIB
999
_c
36544
_d
36544